|
|
|
|
| LEADER |
00686cam a2200217 7i4500 |
| 001 |
0000010487 |
| 005 |
20120829090000.0 |
| 020 |
|
|
|a 9789833710454
|
| 020 |
|
|
|a 983371045X (pbk.)
|
| 040 |
|
|
|a OhCoOLI
|
| 090 |
0 |
0 |
|a RA776.95
|b .C68 2006
|
| 100 |
1 |
|
|a Coleman, Vernon
|
| 245 |
1 |
0 |
|a Superbody :
|b the secret of survival in the 21th century
|c Vernon Coleman.
|
| 260 |
|
|
|a Batu Caves, Selangor:
|b Masterpiece,
|c 2006.
|
| 300 |
|
|
|a 127 p.;
|c 23 cm.
|
| 650 |
0 |
0 |
|a Health promotion
|
| 650 |
0 |
0 |
|a Self-care, Health
|
| 650 |
0 |
0 |
|a Nutrition
|
| 650 |
0 |
0 |
|a Mental health
|
| 999 |
|
|
|a 0000030124
|b BOK
|c OPEN SHELF
|e 1st Floor, Bestari Jaya
|
| 999 |
|
|
|a 0000030171
|b BOK
|c OPEN SHELF
|e 1st Floor, Shah Alam
|